| 000 | 02085nam a2200313 i 4500 | ||
|---|---|---|---|
| 001 | 18387 | ||
| 003 | DO-SdUEMH | ||
| 005 | 20260311225458.0 | ||
| 007 | ta | ||
| 008 | 260217s2026 dr a|||gr|||| 00| 0dspa d | ||
| 020 | _a9789945301465 | ||
| 040 |
_aDO-SdUEMH _bspa _erda |
||
| 041 | _aspa | ||
| 082 | 0 | 4 |
_mRD _a658.83 _bV145i |
| 100 | 1 | 1 |
_aValdez Montero, Henry, _d1980- _eaut _93525 |
| 245 | 1 | 0 |
_aInvestigación científica y de mercados / _cHenry Valdez |
| 246 | 4 |
_aInvestigación científica y de mercados : _ben las áreas gerenciales, administrativas, financieras y científicas, Mercadotecnia, Contabilidad, Estadística, Economía, derecho, Periodismo y Política |
|
| 264 | 1 |
_aSanto Domingo, República Dominicana : _bPublicaciones Libertad, _c2026 |
|
| 264 | 4 | _c©2026 | |
| 300 |
_a239 páginas : _bilustraciones ; _c22 cm. |
||
| 336 |
_2rdacontent _atexto _btxt |
||
| 337 |
_2rdamedia _asin mediación _bn |
||
| 338 |
_2rdacarrier _avolumen _bnc |
||
| 504 | _aBibliografía en páginas 233-239. | ||
| 505 | 2 | _aEl método científico -- La investigación científica -- La investigación en las ciencias sociales -- La investigación financiera -- Métodos de investigación financiera -- Tipos de métodos de investigación financiera -- La investigación criminal o criminalística -- La investigación en el derecho -- La investigación médica -- Investigación periodística -- La investigación en la política -- La investigación científica aplicada en la mercadotecnia -- Primeras obras y escritos sobre la investigación de mercados -- Objetivos, importancia y beneficios de la investigación de mercados -- Tipos de investigación de mercados -- Pasos para realizar una investigación de mercado exitosa -- Mejores técnicas para la investigación de mercado -- Orígenes de la investigación de mercados en la República Dominicana -- Conclusión sobre la investigación de mercados y la investigación en general. | |
| 650 | 7 |
_aInvestigación de mercados _xMetodología _93526 |
|
| 650 | 4 |
_aInvestigación científica _xMetodología _92915 |
|
| 942 |
_2ddc _cBK _n0 |
||
| 999 |
_c18387 _d18387 |
||